000 00514nam a2200181 i 4500
001 123467
003 ES-MaACL
005 20230906192158.0
007 t|
008 070214s1966 sp |||| | spa d
100 1 _aQuijada Alcázar, Eduardo.
_994613
245 1 0 _aConocimiento y libertad
_b: ensayo /
_cEduardo Quijada Alcázar.
250 _a1ª ed.
260 _aMurcia :
_b[s.n.],
_c1966 (
_fImp. Guirao)
300 _a107 p. ;
_c22 cm.
650 4 _aEpistemología.
_912338
852 _aES-MaACL
_jC-31841
999 _c123467
_d123467